| 000 | 00485nam a2200193Ia 4500 | ||
|---|---|---|---|
| 008 | 140306s9999 xx 000 0 und d | ||
| 020 | _a590486152 | ||
| 050 |
_aPZ 7 _b.G586My 1989 |
||
| 100 | _aGomi, Taro | ||
| 245 |
_aMy friends / _cTaro Gomi. |
||
| 260 |
_aNew York :` _bScholastic Inc., _cc1989. |
||
| 300 |
_a32 p. : _bcol. Ill. ; _c19 cm. |
||
| 521 | _aG2 | ||
| 526 | _c470 | ||
| 650 |
_aAnimals _xFiction. |
||
| 650 |
_aGrowth _xFiction. |
||
| 942 | _cBK | ||
| 999 |
_c42842 _d42842 |
||